000 00702nam a2200229 u 4500
005 20251203064006.0
008 121017s2009 r 000 0 eng d
020 _a9788492702008
035 _aUPN01000187690
049 _aI
050 4 _aPZ76.3
_bN4.32
100 1 _aNesquens, Daniel,
_d1967-
_931792
245 1 3 _aLa gallina Crestazul /
_cDaniel Nesquens ; il. Mariona Cabassa.
260 _a[Madrid] :
_bAlmadraba,
_c2009.
300 _a[26] p. :
_bprincipalmente il. col.
440 0 _aPez volador ;
_v2.
_pInfantil
650 0 _aAnimales
_vCuentos y leyendas
_9234
650 4 _aIntereses en la lectura
_94851
700 1 _aCabassa, Mariona,
_eil.
905 _aInfantil
999 _c159793
_d159793